000
00320nam a2200133Ia 4500
008
220613s9999||||xx |||||||||||||| ||und||
100
_a
Lawrence J Tierney
245
0
_a
Current Medical Diagnosis And Treatment
250
_a
45th(2006)
260
_b
MC GRAW HILL
300
_a
1884
650
_a
Medicine
942
_c
MEDI
999
_c
7862
_d
7862